[Event "HUN-chT2 Toth 1819"]
[Site "Hungary"]
[Date "2018.11.18"]
[Round "4.3"]
[White "Vilagos, Nandor"]
[Black "Csuri, Laszlo"]
[Result "1-0"]
[WhiteElo "2009"]
[BlackElo "2015"]
[PlyCount "109"]
[EventDate "2018.09.23"]
[EventType "team-tourn"]
[EventRounds "11"]
[EventCountry "HUN"]
[SourceTitle "EXT 2021"]
[Source "ChessBase"]
[SourceDate "2020.10.23"]
[SourceVersion "1"]
[SourceVersionDate "2020.10.23"]
[SourceQuality "1"]
[WhiteTeam "Felegyhaza Csongrad"]
[BlackTeam "Szentes Integral"]
[WhiteTeamCountry "HUN"]
[BlackTeamCountry "HUN"]

1. e4 d5 2. exd5 Nf6 3. Bb5+ Bd7 4. Bc4 Bg4 5. f3 Bd7 6. Nc3 c6 7. Nge2 cxd5 8. Nxd5 Nxd5 9. Bxd5 Nc6 10. 0-0 e6 11. Bb3 Na5 12. d3 Bc5+ 13. Kh1 Nxb3 14. axb3 Bc6 15. Nc3 0-0 16. Qe2 Qh4 17. Ne4 Be7 18. Qe1 Qh5 19. Be3 a6 20. Ra5 f5 21. Ng3 Qf7 22. Bc5 Bxc5 23. Rxc5 h5 24. Ne2 Rad8 25. Qh4 g6 26. Qg5 Qf6 27. Qxf6 Rxf6 28. Kg1 g5 29. Kf2 Rd6 30. Re5 Kf7 31. Rd1 Ke7 32. c3 Rf8 33. Nd4 Kf6 34. Nxc6 Rxc6 35. d4 Rd6 36. Rc5 Rfd8 37. b4 R8d7 38. Rc8 Kg7 39. Re1 Kf7 40. Rh8 Kg6 41. Re5 Rh7 42. Rxh7 Kxh7 43. Rc5 Rd7 44. Ke3 Kg6 45. Kd3 Kf6 46. Kc4 b5+ 47. Kd3 Rd6 48. b3 f4 49. h4 Rd5 50. Ke4 gxh4 51. Rxd5 exd5+ 52. Kxd5 h3 53. gxh3 Kg5 54. Ke5 Kh4 55. d5 1-0

[Event "HUN-chT2 Toth 1718"]
[Site "Hungary"]
[Date "2018.03.04"]
[Round "9.3"]
[White "Csuri, Laszlo"]
[Black "Mike, Peter"]
[Result "1/2-1/2"]
[WhiteElo "2042"]
[BlackElo "2130"]
[PlyCount "29"]
[EventDate "2017.09.24"]
[EventType "team-tourn"]
[EventRounds "11"]
[EventCountry "HUN"]
[SourceTitle "EXT 2021"]
[Source "ChessBase"]
[SourceDate "2020.10.23"]
[SourceVersion "1"]
[SourceVersionDate "2020.10.23"]
[SourceQuality "1"]
[WhiteTeam "Szentes Integral"]
[BlackTeam "Szeged Maroczy II"]
[WhiteTeamCountry "HUN"]
[BlackTeamCountry "HUN"]

1. e4 c5 2. Nf3 Nc6 3. d4 cxd4 4. Nxd4 Nf6 5. Nc3 e5 6. Ndb5 d6 7. Bg5 a6 8. Na3 b5 9. Bxf6 gxf6 10. Nd5 Bg7 11. c3 f5 12. exf5 Bxf5 13. Nc2 0-0 14. Nce3 Be6 15. g4 1/2-1/2

[Event "Puspokladany Arnoth Memorial 10th"]
[Site "Puspokladany"]
[Date "2017.07.29"]
[Round "7"]
[White "Fekete, Albert"]
[Black "Csuri, Laszlo"]
[Result "1-0"]
[WhiteElo "2199"]
[BlackElo "2052"]
[PlyCount "87"]
[EventDate "2017.07.26"]
[EventType "swiss"]
[EventRounds "9"]
[EventCountry "HUN"]
[SourceTitle "EXT 2019"]
[Source "ChessBase"]
[SourceDate "2018.10.10"]
[SourceVersion "1"]
[SourceVersionDate "2018.10.10"]
[SourceQuality "1"]

1. Nf3 Nf6 2. c4 c5 3. Nc3 d5 4. cxd5 Nxd5 5. e4 Nxc3 6. dxc3 Qxd1+ 7. Kxd1 g6 8. Be3 b6 9. Ne5 Bg7 10. Bb5+ Bd7 11. Nxd7 Nxd7 12. Kc2 a6 13. Bc6 Ra7 14. a4 Rc7 15. Bxd7+ Kxd7 16. a5 b5 17. Rad1+ Ke6 18. Rd5 Rhc8 19. Rhd1 f6 20. Bf4 Rc6 21. Rd7 g5 22. Bg3 h5 23. h3 Kf7 24. Ra7 Re6 25. f3 Rcc6 26. Rd5 Bf8 27. b3 Bg7 28. Rb7 Bf8 29. Bh2 Bg7 30. g4 hxg4 31. hxg4 Bf8 32. Bg1 c4 33. b4 Rc8 34. Bb6 Ra8 35. Rdd7 Rc6 36. Bc5 Ke6 37. Kd2 Ke5 38. Ke3 Rxc5 39. bxc5 e6 40. c6 Bc5+ 41. Ke2 Rc8 42. c7 Rh8 43. Rb8 Rh2+ 44. Kd1 1-0

[Event "HUN-chT2 Toth 1617"]
[Site "Hungary"]
[Date "2016.10.09"]
[Round "2.3"]
[White "Balla, Tibor"]
[Black "Csuri, Laszlo"]
[Result "1/2-1/2"]
[WhiteElo "2048"]
[BlackElo "2022"]
[PlyCount "31"]
[EventDate "2016.09.25"]
[EventType "team-tourn"]
[EventRounds "11"]
[EventCountry "HUN"]
[SourceTitle "EXT 2021"]
[Source "ChessBase"]
[SourceDate "2020.10.23"]
[SourceVersion "1"]
[SourceVersionDate "2020.10.23"]
[SourceQuality "1"]
[WhiteTeam "Szeged Meritum"]
[BlackTeam "Szentes Integral"]
[WhiteTeamCountry "HUN"]
[BlackTeamCountry "HUN"]

1. d4 c5 2. e3 e6 3. Nf3 Nf6 4. Bd3 d5 5. c3 Nc6 6. 0-0 Bd6 7. Re1 0-0 8. Nbd2 e5 9. dxe5 Nxe5 10. Nxe5 Bxe5 11. h3 Re8 12. Qc2 c4 13. Be2 Bd7 14. Nf3 Bd6 15. Rd1 Qe7 16. b3 1/2-1/2

[Event "HUN-chT2 Toth 1516"]
[Site "Hungary"]
[Date "2016.03.20"]
[Round "9.3"]
[White "Csuri, Laszlo"]
[Black "Lovas, Daniel"]
[Result "0-1"]
[WhiteElo "1975"]
[BlackElo "2114"]
[PlyCount "158"]
[EventDate "2015.09.13"]
[EventType "team-tourn"]
[EventRounds "11"]
[EventCountry "HUN"]
[SourceTitle "EXT 2017"]
[Source "ChessBase"]
[SourceDate "2016.10.25"]
[SourceVersion "1"]
[SourceVersionDate "2016.10.25"]
[SourceQuality "1"]
[WhiteTeam "Roszke"]
[BlackTeam "Toth Laszlo II"]
[WhiteTeamCountry "HUN"]
[BlackTeamCountry "HUN"]

1. e4 g6 2. d4 Bg7 3. Nc3 d6 4. Bc4 c6 5. Nf3 b5 6. Bb3 Nf6 7. h3 0-0 8. e5 dxe5 9. dxe5 Qxd1+ 10. Nxd1 Ne4 11. 0-0 Nc5 12. Be3 Nbd7 13. Re1 a5 14. a3 Nxb3 15. cxb3 Nxe5 16. Nxe5 Bxe5 17. Bh6 Bg7 18. Bxg7 Kxg7 19. Rxe7 Be6 20. Rc7 Rfc8 21. Rxc8 Rxc8 22. b4 axb4 23. axb4 Rd8 24. Rc1 Rd4 25. Ne3 Rxb4 26. Rxc6 Rxb2 27. Rc5 Rb1+ 28. Kh2 b4 29. Rb5 b3 30. g3 Bd7 31. Rb6 h5 32. h4 b2 33. Kg2 Bc6+ 34. Rxc6 Rc1 35. Rb6 b1Q 36. Rxb1 Rxb1 37. Kf3 Rb2 38. Nd5 Ra2 39. Kg2 Rd2 40. Nf4 Kf6 41. Kf3 Ra2 42. Nd5+ Ke5 43. Ne3 Ra3 44. Ke2 Rc3 45. Nd1 Rb3 46. Ne3 Ke4 47. Nc4 Kd4 48. Ne3 Rb2+ 49. Kf3 Kd3 50. Nd5 Kd2 51. Nf4 Rb3+ 52. Kg2 Ke1 53. Nh3 Rb1 54. Nf4 Ra1 55. Nd3+ Kd2 56. Nf4 Rb1 57. Nh3 Rb2 58. Nf4 Ra2 59. Nh3 Ke1 60. Kg1 Ke2 61. Kg2 Kd3 62. Nf4+ Ke4 63. Nh3 Kf5 64. Ng5 f6 65. Nf7 Rd2 66. Nh6+ Ke4 67. Ng8 Ke5 68. Ne7 g5 69. hxg5 fxg5 70. Nc6+ Kf6 71. Na5 Rc2 72. Nb3 Ke5 73. Na5 Rc3 74. Nb7 Rc7 75. Na5 Kd4 76. Nb3+ Kc3 77. Nc1 Kd2 78. Nb3+ Kd3 79. Na5 Kc3 0-1

[Event "HUN-chT Csongrad Region"]
[Site "Hungary"]
[Date "2015.11.15"]
[Round "4.5"]
[White "Csuri, Laszlo"]
[Black "Oravecz, Matyas"]
[Result "1-0"]
[WhiteElo "1968"]
[BlackElo "1727"]
[PlyCount "97"]
[EventDate "2015.09.20"]
[EventType "team-tourn"]
[EventRounds "9"]
[EventCountry "HUN"]
[SourceTitle "EXT 2017"]
[Source "ChessBase"]
[SourceDate "2016.10.25"]
[SourceVersion "1"]
[SourceVersionDate "2016.10.25"]
[SourceQuality "1"]

1. Nf3 Nc6 2. d4 d5 3. c4 e6 4. Nc3 Nf6 5. Bg5 Be7 6. e3 0-0 7. Be2 dxc4 8. Bxc4 Nd5 9. Bxe7 Ncxe7 10. 0-0 Nxc3 11. bxc3 b6 12. Qc2 Bb7 13. Be2 Bxf3 14. Bxf3 c6 15. Rfd1 Qc7 16. Rd2 Rad8 17. Rad1 Rd7 18. g3 g6 19. Qb2 Rfd8 20. e4 c5 21. d5 exd5 22. exd5 c4 23. Qb4 Qc5 24. a3 Qxb4 25. axb4 Rd6 26. b5 Ra8 27. Rd4 a5 28. Rxc4 a4 29. Ra1 a3 30. Rd4 Ra5 31. c4 Ra4 32. Bd1 Ra8 33. Rd3 Rc8 34. Bb3 Rd7 35. Rxa3 Rc5 36. Ba2 Kg7 37. Kg2 Nc8 38. Ra6 Rd6 39. Re3 Rf6 40. Rf3 Rd6 41. Ra8 Rf6 42. Rxf6 Kxf6 43. f4 h6 44. Ra6 Kf5 45. Kf3 h5 46. h3 Kf6 47. Ke3 Rc7 48. Kd4 Rc5 49. Rxb6+ 1-0

[Event "HUN-chT2 Toth 1415"]
[Site "Hungary"]
[Date "2015.04.26"]
[Round "11.1"]
[White "Czegledi, Zsolt"]
[Black "Csuri, Laszlo"]
[Result "1-0"]
[WhiteElo "2158"]
[BlackElo "1977"]
[PlyCount "121"]
[EventDate "2014.09.07"]
[EventType "team-tourn"]
[EventRounds "11"]
[EventCountry "HUN"]
[SourceTitle "EXT 2016"]
[Source "ChessBase"]
[SourceDate "2015.10.08"]
[SourceVersion "1"]
[SourceVersionDate "2015.10.08"]
[SourceQuality "1"]
[WhiteTeam "Toth Laszlo"]
[BlackTeam "Roszke"]
[WhiteTeamCountry "HUN"]
[BlackTeamCountry "HUN"]

1. d4 e6 2. c4 f5 3. g3 Nf6 4. Bg2 c6 5. Nc3 d5 6. Nf3 Bd6 7. Bg5 Nbd7 8. cxd5 exd5 9. Qc2 h6 10. Bf4 Bxf4 11. gxf4 Ne4 12. e3 0-0 13. 0-0-0 Qa5 14. Kb1 Nxc3+ 15. Qxc3 Qxc3 16. bxc3 Nf6 17. Rc1 b5 18. Ne5 Bd7 19. f3 Rac8 20. Bh3 Be6 21. Rhg1 Rfe8 22. Rg6 Kh7 23. Rcg1 Re7 24. e4 Rcc7 25. exf5 Bc8 26. R6g2 Re8 27. Kc2 a6 28. Kd3 Ree7 29. Re2 Bd7 30. Ng6 Rxe2 31. Kxe2 Be8 32. Ne5 Re7 33. Kd2 Bd7 34. Ra1 Be8 35. a4 Nh5 36. Nd3 Nf6 37. Nc5 Nh5 38. Nd3 Nf6 39. a5 Nh5 40. Bg4 Nf6 41. Ne5 Ra7 42. Re1 Bf7 43. Nd3 Kg8 44. Nb4 Be8 45. Re6 Rc7 46. Kc2 Kf8 47. Kb3 Bd7 48. Re1 Bc8 49. Nd3 Bd7 50. Kb4 Bc8 51. Kc5 Bd7 52. Kd6 Ra7 53. Ne5 Ne8+ 54. Kc5 Nf6 55. Ng6+ Kg8 56. Re7 Rb7 57. Ne5 b4 58. cxb4 Rb5+ 59. Kd6 Be8 60. Nd3 Kf8 61. Ra7 1-0

[Event "HUN-chT2 Toth 1415"]
[Site "Hungary"]
[Date "2014.09.07"]
[Round "1.1"]
[White "Csuri, Laszlo"]
[Black "Volosin, Vladimir"]
[Result "0-1"]
[WhiteElo "1977"]
[BlackElo "2256"]
[PlyCount "50"]
[EventDate "2014.09.07"]
[EventType "team-tourn"]
[EventRounds "11"]
[EventCountry "HUN"]
[SourceTitle "EXT 2016"]
[Source "ChessBase"]
[SourceDate "2015.10.08"]
[SourceVersion "1"]
[SourceVersionDate "2015.10.08"]
[SourceQuality "1"]
[WhiteTeam "Roszke"]
[BlackTeam "Szentes"]
[WhiteTeamCountry "HUN"]
[BlackTeamCountry "HUN"]

1. e4 c6 2. d4 d5 3. Nc3 dxe4 4. f3 e3 5. Bxe3 Bf5 6. g4 Bg6 7. h4 h5 8. g5 e6 9. Nge2 Bd6 10. Ne4 Ne7 11. Nxd6+ Qxd6 12. c3 Nd7 13. Qd2 Nb6 14. Nf4 Nbd5 15. Nxd5 Nxd5 16. 0-0-0 b5 17. Bd3 Bxd3 18. Qxd3 g6 19. Bd2 a5 20. Rde1 0-0 21. Re5 c5 22. Rhe1 c4 23. Qe4 b4 24. Rxe6 Qxe6 25. Qc2 Qf5 0-1

[Event "HUN-chT2 Maroczy 1213"]
[Site "Hungary"]
[Date "2013.04.07"]
[Round "10"]
[White "Kaposztas, Miklos"]
[Black "Csuri, Laszlo"]
[Result "1-0"]
[WhiteElo "2149"]
[BlackElo "2030"]
[PlyCount "55"]
[EventDate "2012.09.16"]
[EventType "team-tourn"]
[EventRounds "11"]
[EventCountry "HUN"]
[SourceTitle "EXT 2014"]
[Source "ChessBase"]
[SourceDate "2013.11.20"]
[SourceVersion "1"]
[SourceVersionDate "2013.11.20"]
[SourceQuality "1"]
[WhiteTeam "Vasas"]
[BlackTeam "Roeszke"]
[WhiteTeamCountry "HUN"]
[BlackTeamCountry "HUN"]

1. d4 e6 2. c4 Nf6 3. Nc3 Bb4 4. Qc2 Nc6 5. Nf3 0-0 6. g3 d6 7. a3 Bxc3+ 8. Qxc3 Ne4 9. Qc2 f5 10. Bg2 d5 11. 0-0 g5 12. e3 g4 13. Ne1 Bd7 14. cxd5 exd5 15. f3 gxf3 16. Bxf3 Be6 17. Nd3 Qd6 18. Nf4 Rae8 19. Bd2 Nxd2 20. Qxd2 Ne7 21. Qb4 Qd7 22. Nd3 b6 23. Rac1 c6 24. Bh5 Rd8 25. Rf2 Ng6 26. Bxg6 hxg6 27. Ne5 Qg7 28. Rxc6 1-0

[Event "HUN-chT2 Maroczy 1213"]
[Site "Hungary"]
[Date "2013.03.03"]
[Round "8"]
[White "Csorsz, Ferenc"]
[Black "Csuri, Laszlo"]
[Result "1/2-1/2"]
[WhiteElo "2022"]
[BlackElo "2030"]
[PlyCount "34"]
[EventDate "2012.09.16"]
[EventType "team-tourn"]
[EventRounds "11"]
[EventCountry "HUN"]
[SourceTitle "EXT 2014"]
[Source "ChessBase"]
[SourceDate "2013.11.20"]
[SourceVersion "1"]
[SourceVersionDate "2013.11.20"]
[SourceQuality "1"]
[WhiteTeam "Kisvarda"]
[BlackTeam "Roeszke"]
[WhiteTeamCountry "HUN"]
[BlackTeamCountry "HUN"]

1. e4 d5 2. exd5 Qxd5 3. Nc3 Qd6 4. d4 Nf6 5. Nf3 c6 6. Ne5 e6 7. Bf4 Qd8 8. Bc4 Bb4 9. 0-0 0-0 10. Ne2 Nbd7 11. c3 Be7 12. Ng3 Nd5 13. Qf3 Nxf4 14. Qxf4 Nf6 15. Ne4 Nd5 16. Qg3 f6 17. Nd3 f5 1/2-1/2